000 00469cam a22001217a 4500
008 180718b-- xxu||||| |||| 00| 0 eng d
082 _aL906x5414 G
245 _aAccounts at a glance, Orissa
260 _aBhubaneswar
_bPrincipal Accountant General (Accounts and Entitlements)
_c--
500 _aLibrary has 2000/01-2002/03, 2004/05-2010/11
650 _aOrissa - Appropriations and expenditures
700 _aOrissa. Principal Accountant General (Accounts and Entitlements)
999 _c477417
_d477417